Countries by City ! Hard Level - Statistics

General Stats
  • This quiz has been taken 24 times
  • The average score is 8 of 15
Answer Stats
Hint Answer % Correct
Linz Austria
91%
Hai Phong Vietnam
91%
Cali Colombia
87%
Lubumbashi DR Congo
74%
Salta Argentina
70%
Varna Bulgaria
70%
Shiraz Iran
70%
São José dos Campos Brazil
65%
Shymkent Kazakhstan
43%
Liepāja Latvia
43%
León Nicaragua
39%
Choloma Honduras
26%
Soyapango El Salvador
22%
Oujda Morocco
22%
Pikine Senegal
22%
No matching quizzes found
Score Distribution
Percent of People with Each Score
Percentile by Number Answered
Your Score History
You have not taken this quiz